LEADER 01242nam a2200277 4500 001 000000346495 003 CaOOAMICUS 005 20210609095853.0 008 210609s2008 xxua 000 u eng r 020 $a978-0-19-953655-9 040 $aSeMil$bita 100 1 $aTwain, Mark,$d<1835-1910>.$0(OLS)http://semarc/name/21329 240 14$aThe adventures of Huckleberry Finn.$0(OLS)http://semarc/title/419441 245 10$aAdventures of Huckleberry Finn /$cMark Twain ; edited with an introduction and notes by Emory Elliott. 264 1$aNew York :$bOxford University Press,$crist. 2008. 300 $aLII, 284 p. :$bill. ;$c20 cm 490 1 $aOxford world's classic 700 1 $aElliott, Emory.$0(OLS)http://semarc/name/114069 830 0$aOxford world's classics.$0(OLS)http://semarc/title/433719 850 $aSeMil 852 $aSeMil$W1$xVenegono$y1$m1V II 420$j227200$B237583$CSeMilBibl$Z2$F237583 $81 961 $aPerego don Stefano - Omaggio 996 $6020$a978-0-19-953655-9$9(OLS)http://semarc/number/293421 996 $6245$aAdventures of Huckleberry Finn$9(OLS)http://semarc/title/435687 996 $6264$aNew York :$bOxford University Press$9(OLS)http://semarc/publisher/31916 LEADER 00574naa a2200145 i 4500 001 000000328528 003 CaOOAMICUS 005 20180831173602.0 008 180831n it u000 u ita u 013 $a40145 040 $aSeMil$bita 245 13$aLa fede nel quarto vangelo. 650 4$aBibbia - NT - Giovanni - Fede.$0(OLS)http://semarc/subject/9200 773 0 $aCioli, Telesforo$tCatechesi con san Giovanni.$dBrescia : Paideia, 1965.$kStudi biblici pastorali / Associazione Biblica Italiana$gp.35-44$w()245979 996 $6245$aLa fede nel quarto vangelo$9(OLS)http://semarc/title/417087